| 000 | 00402nam a2200133Ia 4500 | ||
|---|---|---|---|
| 008 | 230917s9999||||xx |||||||||||||| ||und|| | ||
| 040 |
_e93869 _aMAIN |
||
| 041 | _aEnglish | ||
| 082 | _a610 B469S | ||
| 100 | _aBhutan, Vikas | ||
| 245 | 0 | _aStudy of st segment elevation resolution as an early prognostic marker in acute myocardial infarction after thrombolytic therapy | |
| 300 | _a77 p. | ||
| 942 | _cTH | ||
| 999 |
_c87066 _d87066 |
||